Flaggen nach Buchstaben - A - Statistiken

Allgemein
  • Dieses Quiz wurde 79 mal gespielt
  • Das Durchschnittsergebnis liegt bei 12 aus 13
Antwortstatistiken
Bildquiz Antwort % Korrekt
Australien
100%
Albanien
99%
Argentinien
99%
Ägypten
97%
Algerien
97%
Andorra
96%
Angola
96%
Armenien
96%
Aserbaidschan
95%
Afghanistan
89%
Äthiopien
87%
Antigua und Barbuda
83%
Äquatorialguinea
68%
Keine übereinstimmenden Quizze gefunden
Verteilung der Resultate
Anzahl Personen mit jedem Resultat
Perzentil nach korrekt beantworteten Fragen
Ihre Resultats-Entwicklung
Sie haben dieses Quiz noch nicht gespielt